000 00263nam a22001097a 4500
008 170105b xxu||||| |||| 00| 0 eng d
020 _a9780205291359
041 _aeng
080 _27TH
_a618.2
245 _aFIRST AID FOR COLLEGES AND UNIVERSITIES
942 _2udc
_cBK
999 _c2546
_d2546